| 000 | 00430 a2200145 4500 | ||
|---|---|---|---|
| 999 |
_c3600 _d3600 |
||
| 020 | _a0821301594 | ||
| 050 | _aHD 6053 WOR 1979 | ||
| 100 | _aThe World Bank | ||
| 245 |
_aRecognizing the invisible woman in development _bthe world bank's experience / _cThe World Bank |
||
| 264 |
_aWashington _bThe World Bank _c1979 |
||
| 300 | _a33p. | ||
| 500 | _ainclude index | ||
| 650 | _aWomen -- development | ||
| 942 |
_2lcc _cBK _h6053 _iWOR _kHD |
||